Robert (Bobby) Kennedy Quiz - Statistics

General Stats
  • This quiz has been taken 313 times
    309 since last reset
  • The average score is 14 of 26
Answer Stats
Hint Answer % Correct
President Brother John
95%
Younger Brother Edward
90%
His Father Joseph
90%
His Mother Rose
84%
Politcal Party Democratic
80%
2nd Child (Son) Joseph
79%
Cabinet Position under President Kennedy Attorney General
78%
3rd Child (Son) Robert Jr
77%
His Wife Ethel
75%
Senator for this State (1965-1968) New York
67%
Name of Assiasin Sirhan Sirhan
65%
Leader of the FBI, whom Kennedy was often at odds with J. Edgar Hoover
53%
1st Child (Daughter) Kathleen
52%
11th Child (Daughter) Rory
50%
4th Child (Son) David
49%
7th Child (Daughter) Kerry
48%
6th Child (Son) Michael
47%
Hotel Where Kennedy Shot Ambassador Hotel
32%
Month/Year he announced he would run for presidency candicy March/1968
31%
9th Child (Son) Max
31%
5th Child (Daughter) Courtney
30%
Final Resting Place Arlington National Cemetery
28%
10th Child (Son) Douglas
26%
8th Child (Son) Christopher
21%
He was the first person to reach the summit of this mountain in Canada in 1965 (at the time the highest mountain in the country) Mount Kennedy
21%
Played cruical role in this 1961 international event Berlin Crisis
3%
No matching quizzes found
Score Distribution
Percent of People with Each Score
Percentile by Number Answered
Your Score History
You have not taken this quiz since the last reset